Panstwo Stolica - Statystyki

Ogólne statystyki
  • Ten quiz został rozwiązany 185 razy
  • Średni wynik to 25 z 43
Statystyki odpowiedzi
PANSTWO STOLICA % Poprawnych
USA Waszyngton
97%
Meksyk Meksyk
94%
Brazylia Brasilia
85%
Argentyna Buenos Aires
82%
Kanada Ottawa
82%
Japonia Tokio
80%
Turcja Ankara
78%
Egipt Kair
78%
Chiny Pekin
78%
Korea Południowa Seul
76%
Izrael Jerozolima
68%
Indie Nowe Delhi
66%
Australia Canberra
64%
Kuba Hawana
63%
Chile Santiago
62%
Tajlandia Bangkok
61%
Kolumbia Bogota
61%
Peru Lima
61%
Iran Teheran
60%
Algieria Algier
59%
Kazachstan Astana
56%
Korea Północna Pjongjang
56%
Wenezuela Caracas
55%
Maroko Rabat
55%
Nowa Zelandia Wellington
55%
Mongolia Ułan Bator
54%
Syria Damaszek
52%
Kenia Nairobi
52%
Irak Bagdad
49%
Indonezja Dżakarta
47%
Filipiny Manila
46%
Arabia Saudyjska Rijad
45%
Malezja Kuala Lumpur
43%
Afganistan Kabul
41%
Etiopia Addis Abeba
40%
Pakistan Islamabad
40%
Sudan Chartum
38%
Libia Trypolis
38%
RPA Pretoria
37%
Nigeria Abudża
31%
Angola Luanda
29%
Tanzania Dodoma
20%
Namibia Windhuk
20%
Nie znaleziono quizów pasujących do podanych kryteriów
Rozkład punktacji
Procent ludzi z każdym wynikiem
Percentyl według liczby udzielonych odpowiedzi
Twoja historia wyników
Nie rozwiązałeś tego quizu